Britain and the revolt in Cyprus, 1954-1959 /

This is the first in-depth reconstruction of a major British decolonization based fully on original documentation. Robert Holland's unique case-study is essential reading for anybody interested in the response of policy makers to the challenge of 'terrorism' overseas after 1945, the l...

Full description

Bibliographic Details
Main Author: Holland, R. F. (Robert F.)
Format: eBook
Language:English
Published: Oxford [England] : New York : Clarendon Press ; Oxford University Press, 1998.
Series:OUP E-Books.
Subjects:
Online Access:Connect to the full text of this electronic book

MARC

Tag First Indicator Second Indicator Subfields
LEADER 00000cam a2200000 a 4500
001 in00005702913
005 20260318173437.9
006 m o d
007 cr zn|||||||||
008 990129s1998 enkab ob 001 0 eng d
010 |z  99201312  
040 |a MT4IT  |b eng  |e pn  |c MT4IT  |d OCLCQ  |d N$T  |d OCLCE  |d OCLCQ  |d E7B  |d OCLCQ  |d MHW  |d EBLCP  |d QE2  |d IDEBK  |d OCLCQ  |d CN5CF  |d MERUC  |d OCLCQ  |d OCLCO  |d OCLCA  |d OCLCQ  |d OCLCF  |d YDXCP  |d OCLCQ  |d OCL  |d STBDS  |d COCUF  |d MOR  |d PIFAG  |d FIE  |d ZCU  |d OTZ  |d OCLCQ  |d OCLCO  |d U3W  |d OCLCA  |d STF  |d WRM  |d CEF  |d NRAMU  |d ICG  |d VT2  |d OCLCQ  |d LHU  |d FVL  |d WYU  |d YOU  |d CANPU  |d DKC  |d OCLCQ  |d CNTRU  |d OCLCA  |d UX1  |d AUD  |d OCLCQ  |d OCLCO  |d SFB  |d OCLCQ  |d OCL  |d UKCRE  |d BOL  |d EZ9  |d LVT  |d OCLCQ  |d OCL  |d OCLCO  |d OCLCQ  |d OCLCL  |d OCLCQ  |d OCLCL  |d COO  |d K6U  |d CNKUC  |d UEJ  |d OCLCO  |d SFB 
019 |a 436041264  |a 455971787  |a 607083871  |a 607673440  |a 613359960  |a 755657733  |a 961617432  |a 962620624  |a 967258402  |a 988507680  |a 992074542  |a 994821465  |a 1018006538  |a 1034644657  |a 1034670611  |a 1035703306  |a 1037936104  |a 1038672126  |a 1041920702  |a 1042473803  |a 1044163711  |a 1044335630  |a 1044981717  |a 1045483733  |a 1055316500  |a 1056338473  |a 1056382665  |a 1059558071  |a 1059788695  |a 1060847241  |a 1064136090  |a 1073052725  |a 1078067029  |a 1078101261  |a 1079890019  |a 1081207410  |a 1086437465  |a 1088501009  |a 1096454221  |a 1097326252  |a 1097344903  |a 1099561743  |a 1100565533  |a 1101714870  |a 1102278610  |a 1114344153  |a 1119040684  |a 1120992007  |a 1125440050  |a 1136191080  |a 1153557661  |a 1198082867  |a 1228544072  |a 1229881781  |a 1256082060  |a 1257386847  |a 1261939915  |a 1485150103 
020 |a 9780191513336  |q (electronic bk.) 
020 |a 0191513334  |q (electronic bk.) 
020 |a 9780191676604  |q (online) 
020 |a 0191676608  |q (online) 
020 |z 0198205384  |q (Cloth) 
020 |z 9780198205388  |q (Cloth) 
027 |a MYILIB_CUp 
035 |a (OCoLC)252624633  |z (OCoLC)436041264  |z (OCoLC)455971787  |z (OCoLC)607083871  |z (OCoLC)607673440  |z (OCoLC)613359960  |z (OCoLC)755657733  |z (OCoLC)961617432  |z (OCoLC)962620624  |z (OCoLC)967258402  |z (OCoLC)988507680  |z (OCoLC)992074542  |z (OCoLC)994821465  |z (OCoLC)1018006538  |z (OCoLC)1034644657  |z (OCoLC)1034670611  |z (OCoLC)1035703306  |z (OCoLC)1037936104  |z (OCoLC)1038672126  |z (OCoLC)1041920702  |z (OCoLC)1042473803  |z (OCoLC)1044163711  |z (OCoLC)1044335630  |z (OCoLC)1044981717  |z (OCoLC)1045483733  |z (OCoLC)1055316500  |z (OCoLC)1056338473  |z (OCoLC)1056382665  |z (OCoLC)1059558071  |z (OCoLC)1059788695  |z (OCoLC)1060847241  |z (OCoLC)1064136090  |z (OCoLC)1073052725  |z (OCoLC)1078067029  |z (OCoLC)1078101261  |z (OCoLC)1079890019  |z (OCoLC)1081207410  |z (OCoLC)1086437465  |z (OCoLC)1088501009  |z (OCoLC)1096454221  |z (OCoLC)1097326252  |z (OCoLC)1097344903  |z (OCoLC)1099561743  |z (OCoLC)1100565533  |z (OCoLC)1101714870  |z (OCoLC)1102278610  |z (OCoLC)1114344153  |z (OCoLC)1119040684  |z (OCoLC)1120992007  |z (OCoLC)1125440050  |z (OCoLC)1136191080  |z (OCoLC)1153557661  |z (OCoLC)1198082867  |z (OCoLC)1228544072  |z (OCoLC)1229881781  |z (OCoLC)1256082060  |z (OCoLC)1257386847  |z (OCoLC)1261939915  |z (OCoLC)1485150103 
042 |a dlr 
043 |a e-uk---  |a a-cy--- 
050 4 |a DS54.86  |b .H65 1998eb 
055 1 3 |a DS54.86  |b .H65 1998eb 
072 7 |a HIS  |x 026000  |2 bisacsh 
082 0 4 |a 956.93/03  |2 21 
084 |a 15.70  |2 bcl 
049 |a TXAM 
100 1 |a Holland, R. F.  |q (Robert F.)  |1 https://id.oclc.org/worldcat/entity/E39PCjxPHqH4KYGGyBgjTbrg8C 
245 1 0 |a Britain and the revolt in Cyprus, 1954-1959 /  |c Robert Holland. 
260 |a Oxford [England] :  |b Clarendon Press ;  |a New York :  |b Oxford University Press,  |c 1998. 
300 |a 1 online resource (347 pages) :  |b illustrations, map 
336 |a text  |b txt  |2 rdacontent 
337 |a computer  |b c  |2 rdamedia 
338 |a online resource  |b cr  |2 rdacarrier 
347 |a data file 
504 |a Includes bibliographical references (pages 339-340) and index. 
505 0 |a List of Illustrations and Map; 1 The Pattern of Colonial Cyprus, 1878-1950; 2 A Crisis of Trust, 1 February 1950-1 April 1955; 3 'Terror Island', 2 April-3 October 1955; 4 The Struggle for Mastery, 4 October 1955-9 March 1956; 5 A Light in the Tunnel, 10 March-26 July 1956; 6 The Sands of Goodwill, 27 July 1956-5 April 1957; 7 Matters of Honour, 6 April-4 October 1957; 8 A Time of Gestures, 5 October 1957-13 February 1958; 9 A Choice of Evils, 14 February-30 June 1958; 10 The Metaphysics of Partition, 1 July-4 December 1958; 11 A Promised Land?, 5 December 1958-19 March 1959. 
588 0 |a Print version record. 
520 |a This is the first in-depth reconstruction of a major British decolonization based fully on original documentation. Robert Holland's unique case-study is essential reading for anybody interested in the response of policy makers to the challenge of 'terrorism' overseas after 1945, the liquidation of the British Empire, the breakdown of ethnic co-existence under intense pressure, and the effects of regional destabilization on the wider international system. - ;This is the first in-depth reconstruction of a major British decolonization based fully on original documentation. Charting the ìnner his. 
538 |a Master and use copy. Digital master created according to Benchmark for Faithful Digital Reproductions of Monographs and Serials, Version 1. Digital Library Federation, December 2002.  |u http://purl.oclc.org/DLF/benchrepro0212  |5 MiAaHDL 
583 1 |a digitized  |c 2010  |h HathiTrust Digital Library  |l committed to preserve  |2 pda  |5 MiAaHDL 
650 0 |a Decolonization  |z Cyprus. 
651 0 |a Cyprus  |x History  |y War for Union with Greece, 1955-1959. 
651 0 |a Great Britain  |x Colonies  |z Asia  |x History  |y 20th century. 
650 6 |a Décolonisation  |z Chypre. 
651 6 |a Chypre  |x Histoire  |y 1955-1959 (Guerre civile) 
651 6 |a Grande-Bretagne  |x Colonies  |z Asie  |x Histoire  |y 20e siècle. 
650 7 |a 15.70 history of Europe.  |0 (NL-LeOCL)077599594  |2 bcl 
650 7 |a HISTORY  |x General.  |2 bisacsh 
650 7 |a British colonies  |2 fast 
650 7 |a Decolonization  |2 fast 
651 7 |a Asia  |2 fast  |1 https://id.oclc.org/worldcat/entity/E39PBJxMpyjKQ9Jtm3jkjPBgKd 
651 7 |a Cyprus  |2 fast  |1 https://id.oclc.org/worldcat/entity/E39QbtfRphw4TgXv6FQ8hcYXqp 
650 1 7 |a Opstanden.  |2 gtt 
650 7 |a Cyprus.  |2 pplt 
650 7 |a Great Britain.  |2 pplt 
650 7 |a Decolonization.  |2 pplt 
651 7 |a Chypre  |x Histoire  |y 1978-1960 (Domination britannique).  |2 ram 
647 7 |a War for Union of Cyprus with Greece  |c (Cyprus :  |d 1955-1959)  |2 fast  |1 https://id.oclc.org/worldcat/entity/E39Qhp4vBbvhXMq98QJPKkJkVK 
648 7 |a 1900-1999  |2 fast 
655 7 |a Electronic books.  |2 local 
655 7 |a History  |2 fast 
758 |i has work:  |a Britain and the revolt in Cyprus, 1954-1959 (Text)  |1 https://id.oclc.org/worldcat/entity/E39PCFM3RRrdKfhXRcvb8Xqw3P  |4 https://id.oclc.org/worldcat/ontology/hasWork 
776 0 8 |i Print version:  |a Holland, R.F. (Robert F.).  |t Britain and the revolt in Cyprus, 1954-1959.  |d Oxford [England] : Clarendon Press ; New York : Oxford University Press, 1998  |w (DLC) 99201312 
776 0 8 |i Print version :  |z 9780198205388 
776 1 |c Original  |w (DLC) 99201312  |w (OCoLC)41892643 
830 0 |a OUP E-Books. 
856 4 0 |u http://proxy.library.tamu.edu/login?url=https://academic.oup.com/book/25671  |z Connect to the full text of this electronic book  |t 0 
936 |a BATCHLOAD 
955 |a Oxford Scholarship Online 
994 |a 92  |b TXA 
999 f f |i 9ede0b28-8efb-4122-982b-57d250a5295b  |s 64a72f41-3a57-4c5a-9651-f09cfdc7c871  |t 0 
952 f f |a Texas A&M University  |b College Station  |c Electronic Resources  |s www_evans  |d Available Online  |t 0  |e DS54.86 .H65 1998eb  |h Library of Congress classification 
998 f f |a DS54.86 .H65 1998eb  |t 0  |l Available Online